Statistiques concernant Jeu vidéo par lettre - W

Cliquez ici pour prendre le quiz!

Statistiques générales

  • Ce quiz a été pris 438 fois
    (183 depuis la dernière actualisation)
  • Le résultat moyen est 10 sur 20

Statistiques - réponses

IndicesRéponses% Correct
Double maléfique de MarioWario
100%
Double maléfique de LuigiWaluigi
98%
Console de salon sortie en 2006 et commercialisée par NintendoWii
97%
MMORPG de Blizzard considéré par Guinness comme le jeu le plus populaire du genreWorld of Warcraft
92%
Trilogie de RPG de CD Projekt inspirée de romans polonais écrits par Andrzej SapkowskiThe {Witcher}
74%
Série de jeux d'artillerie tournée vers le multi-joueurs dont les personnages sont des lombricsWorms
73%
Jeu The Legend of Zelda en cel-shading mettant en scène Tetra, Arielle et le Lion RougeThe {Wind} {Waker}
67%
Pokémon de Deuxième Génération évoluant en Lainergie puis PharampWattouat
65%
Série de jeux de mini-jeux mettant en scène ce dernierWario Ware
62%
Créature flottante noire à l'apparence squelettique qui possède trois têtes dans MinecraftWither
53%
Gorille scientifique jouable dans Overwatch, du même nom que le héros du roman 1984Winston
45%
Grosse chenille jaune avec une fleur sur la tête qui devient rouge lorsqu'elle s'énerveWiggler
38%
Terreur de Bowser (Koopaling) au nœud rose à pois blancsWendy
29%
Jeu de Muse Software se déroulant pendant la Seconde Guerre mondiale ayant contribué à populariser le FPS dans les années 1990Wolfenstein 3D
28%
Antagoniste principal des jeux Mega ManDr Wily
21%
Ennemi le plus répandu, le plus populaire et le plus faible des jeux KirbyWaddle Dee
19%
Série de jeux de plateformes édités par Sega dans laquelle le joueur incarne un "garçon merveilleux", Tom-Tom dans le premier opusWonder Boy
19%
Jeu de course nautique développé par Nintendo pour sa Nintendo 64Wave Race 64
14%
Console portable créée par Gunpei Yokoi et commercialisée par Bandai au Japon en 1999WonderSwan
9%
Boss emblématique des jeux Kirby puisqu'il en est presque toujours le premierWhispy Woods
8%

Distribution des résultats

Percentile par nombre de réponses

% des personnes avec chaque résultat

Votre développement - résultats

Vous n’avez pas pris ce quiz depuis la dernière actualisation